| 000 | 00570nam a2200205Ia 4500 | ||
|---|---|---|---|
| 003 | LK-CoDNM | ||
| 005 | 20241216123033.0 | ||
| 008 | 121204t1990 xxu||||| |||| 00| 0 sin d | ||
| 040 |
_aLK-CoDNM _dLK-CoDNM _eLK-CoDNM |
||
| 041 | _asin | ||
| 080 |
_a8S-1 _bWET |
||
| 100 | _aWijayasiri Weththamuni | ||
| 245 | _aහංස සංදේශ විචාරය | ||
| 246 | _aHansa Sandesha Vicharaya | ||
| 260 |
_bM.D.Gunasena Samagama _aColombo 11 _c1990 |
||
| 300 | _b90p. ; 18 cm | ||
| 650 | _a1990 | ||
| 650 | _aසංදේශ කාව්යය | ||
| 942 | _cBK | ||
| 999 |
_c77109 _d77109 |
||